Doubly fed induction machine : Modeling and control for wind energy generation applications

সংরক্ষণ করুন:
গ্রন্থ-পঞ্জীর বিবরন
বিন্যাস: Sách
ভাষা:Undetermined
প্রকাশিত:  John Wiley & Sons  2011
বিষয়গুলি:
ট্যাগগুলো: ট্যাগ যুক্ত করুন
কোনো ট্যাগ নেই, প্রথমজন হিসাবে ট্যাগ করুন!
Thư viện lưu trữ: Trung tâm Thư viện - Trường Đại học Công nghiệp TP. Hồ Chí Minh
LEADER 00515nam a2200133Ia 4500
001 UIH_04339
008 231011s9999 xx 000 0 und d
082 |a  621.316 
245 0 |a  Doubly fed induction machine : Modeling and control for wind energy generation applications 
260 |b  John Wiley & Sons 
260 |c  2011 
650 |a  Máy phát điện; Máy phát điện; Tua bin gió;  
927 |a Sách 
980 |a Trung tâm Thư viện - Trường Đại học Công nghiệp TP. Hồ Chí Minh